Ako začať a ako viesť svoj vlastný prosperujúci podnik doma

Saved in:
Bibliographic Details
Main Author: Wright, John
Other Authors: Máčaj, Peter
Format: Book
Language:Slovak
Published: Bratislava OMEGA 1991
Edition:1. vyd.
Tags: Add Tag
No Tags, Be the first to tag this record!

MARC

LEADER 00000nam a2200000 4500
001 c024372
005 20221214093104.0
041 0 |a slo 
044 |a SK 
245 1 0 |a Ako začať a ako viesť svoj vlastný prosperujúci podnik doma  |c John Wright, Peter Máčaj 
250 |a 1. vyd. 
264 1 |a Bratislava  |b OMEGA  |c 1991 
300 |a Prer. s. 
100 1 |a Wright, John 
700 1 |a Máčaj, Peter